| 000 | 01400nam a22004337a 4500 | ||
|---|---|---|---|
| 001 | 4895324 | ||
| 003 | LIBRIS | ||
| 005 | 20210422052846.0 | ||
| 008 | 011211s1994 xxu 001 0 eng c | ||
| 020 |
_a0397550103 ; _cCIP rev. |
||
| 040 |
_aeng _beng _cDLC |
||
| 041 | _aeng | ||
| 080 |
_a616-08 _bE-29 |
||
| 082 |
_a610.73 _220 |
||
| 082 |
_a610.73 _220 |
||
| 084 |
_aVpg _2kssb/6 |
||
| 084 |
_aVpg _2kssb/6 |
||
| 100 | 1 | _aEggland, Ellen Thomas | |
| 245 | 0 | 0 |
_aNursing documentation : _bcharting, recording, and reporting / _c/ by: J. B. Lippincott Company |
| 260 |
_aPhiladelphia : _bJ. B. Lippincott Company _ccop. 1994 |
||
| 300 |
_axi, 260 p. _c28 cm |
||
| 650 | 0 | _aNursing records | |
| 650 | 0 |
_aPatient Care _9285 |
|
| 650 | 0 | _aCommunication in nursing | |
| 650 | 0 |
_aDocumentation _xnurses' instruction |
|
| 650 | 0 | _aNursing Care | |
| 650 | 0 | _aNursing Process | |
| 653 | _aპაციენტის მოვლა | ||
| 653 | _aპაციენტის მოვლის სამედიცინო დოკუმენტაცია | ||
| 698 | _aC2 | ||
| 700 | 1 | _aHeinemann, Denise Skelly | |
| 942 |
_2udc _cBK |
||
| 999 |
_c771 _d771 |
||